Všeobecný úvod do Písma svätého

Bibliographic Details
Main Author: Krovina, Michal, 1914-1991 (Author)
Format: Book
Language:Slovak
PhysicalDescription:228 s. 29 cm
Published: Bratislava Cirkevné nakladateľstvo 1985
Edition:6. vyd.
Series:Vysokoškolské učebné texty
Subjects:

MARC

LEADER 00000cam a2200000 a 4500
001 vtls001094016
003 SK-MaSNL
005 20260302025131.0
008 240513s1985 xo p 00000 slo
015 |a SNBA1985/04 
035 |a SNK000036858 
040 |a SNK  |b slo  |c SNK  |e AACR2 
041 0 |a slo 
044 |a xo  |c SK 
080 |a 22(075.8)  |2 1981 
100 1 |a Krovina, Michal,  |d 1914-1991  |4 aut  |9 40389 
245 1 0 |a Všeobecný úvod do Písma svätého  |c Michal Krovina 
250 |a 6. vyd. 
260 |a Bratislava  |b Cirkevné nakladateľstvo  |c 1985  |e Bratislava  |f Západoslovenské tlačiarne 
300 |a 228 s.  |c 29 cm 
490 1 |a Vysokoškolské učebné texty 
630 0 7 |a Biblia  |2 SNKPHunif  |9 17043 
655 7 |a učebnice vysokých škôl  |2 SNKPH  |9 70191 
830 0 |a Vysokoškolské učebné texty  |9 276539 
852 |a Slovenská národná knižnica 
958 |a OND 
958 |a TL 
958 |a UV 
999 |c 1043066  |d 1044996 
952 |a SNK  |b SNK  |y PREZ  |7 0  |p 17A0797298  |o snkSB 38813  |0 0  |1 0  |4 0  |d 2012-05-28  |f 1  |l 0  |r 2025-04-23 00:00:00  |w 2026-02-24 
952 |t P60, <04>, [BOOK], {604}  |a SNK  |b SNK  |y VYP  |7 0  |p 17A0027366  |o snkSB 38813 D1  |0 0  |1 0  |4 0  |d 1996-12-12  |l 0  |r 2004-12-31 00:00:00  |w 2026-02-24